Разработка комплекса технических средств по испытанию погружной кабельной линии; Современные проблемы радиоэлектроники и телекоммуникаций "РТ-2017"

Podrobná bibliografie
Parent link:Современные проблемы радиоэлектроники и телекоммуникаций "РТ-2017".— 2017.— [С. 241]
Hlavní autor: Апалишин В. Владислав
Korporativní autor: Национальный исследовательский Томский политехнический университет Институт кибернетики Кафедра программной инженерии
Další autoři: Гиберт И. А. Иван Андреевич (научный руководитель), Афанасьев Н. А. Никита Андреевич, Чердынцев Е. С. Евгений Сергеевич
Shrnutí:Заглавие с экрана
В работе проведен анализ технических решений аналога установки испытания кабельных линий. Разработана собственная установка по испытанию кабельных линий, проведено ее тестирование.
Jazyk:ruština
Vydáno: 2017
Témata:
On-line přístup:https://www.elibrary.ru/item.asp?id=35274981
Médium: MixedMaterials Elektronický zdroj Kapitola
KOHA link:https://koha.lib.tpu.ru/cgi-bin/koha/opac-detail.pl?biblionumber=662746

MARC

LEADER 00000naa0a2200000 4500
001 662746
005 20250812140814.0
035 |a (RuTPU)RU\TPU\network\33902 
035 |a RU\TPU\network\31605 
090 |a 662746 
100 |a 20201002d2017 k y0rusy50 ca 
101 0 |a rus 
102 |a RU 
135 |a drgn ---uucaa 
181 0 |a i  
182 0 |a b 
200 1 |a Разработка комплекса технических средств по испытанию погружной кабельной линии  |f В. Апалишин, И. А. Гиберт, Н. А. Афанасьев  |g науч. рук. Е. С. Чердынцев 
203 |a Текст  |c электронный 
300 |a Заглавие с экрана 
330 |a В работе проведен анализ технических решений аналога установки испытания кабельных линий. Разработана собственная установка по испытанию кабельных линий, проведено ее тестирование. 
463 |t Современные проблемы радиоэлектроники и телекоммуникаций "РТ-2017"  |o материалы 13-ой Международной молодежной научно-технической конференции, Севастополь, 20-24 ноября 2017  |v [С. 241]  |d 2017 
610 1 |a электронный ресурс 
610 1 |a труды учёных ТПУ 
700 1 |a Апалишин  |b В.  |g Владислав 
701 1 |a Гиберт  |b И. А.  |g Иван Андреевич 
701 1 |a Афанасьев  |b Н. А.  |g Никита Андреевич 
702 1 |a Чердынцев  |b Е. С.  |c специалист в области информатики и вычислительной техники  |c доцент Томского политехнического университета, кандидат технических наук  |f 1953-  |g Евгений Сергеевич  |3 (RuTPU)RU\TPU\pers\28274  |4 727 
712 0 2 |a Национальный исследовательский Томский политехнический университет  |b Институт кибернетики  |b Кафедра программной инженерии  |3 (RuTPU)RU\TPU\col\22918 
801 1 |a RU  |b 63413507  |c 20141010 
801 2 |a RU  |b 63413507  |c 20201002  |g RCR 
856 4 |u https://www.elibrary.ru/item.asp?id=35274981 
942 |c CF